000 00899nam a2200289 a 4500
001 24930
003 CO-ViMGA
008 141112s2004 ck r 000 u spa d
020 _a9789587584554
040 _aCO-ViMGA
_bspa
_cCO-ViMGA
041 _aSPA
090 _aA MON3
100 1 _aMontes, Graciela, 1947 -
_937463
245 1 0 _aHabía una vez una casa /
_cGraciela Montes ; ilustrado por Isol
250 _a1a ed., 2a reimpr.
260 _aBogotá :
_bAlfaguara,
_c2012
300 _a21 p. : il. col. : il.
490 _aPictocuentos : pre - lectores
500 _aIncluye biografía del autor.
650 1 4 _aABUELAS - LIBROS DE IMAGENES
_937464
650 1 4 _aAUTORES ARGENTINOS
_92129
650 1 4 _aDESDE LOS 18 MESES
_937465
650 1 4 _aILUSTRADORES ARGENTINOS
_937466
650 1 4 _aLITERATURA INFANTIL ARGENTINA
_92511
700 1 _aIsol, 1972 -
_937467
942 _2ddc
_cBK
999 _c2533
_d2533